Plánování sociálního rozvoje pracovních kolektivů SPEV IV-4/1 - SPEV IV-4/2

Na minha lista:
Detalhes bibliográficos
Autor principal: Nebeský, Miloš
Outros Autores: Bilina, Oldřich
Formato: Livro
Idioma:tcheco
Publicado em: Praha Výzkumný ústav práce a sociálních věcí 1981
Colecção:Výzkumné práce č.92
Tags: Adicionar Tag
Sem tags, seja o primeiro a adicionar uma tag!

MARC

LEADER 00000nam a2200000 4500
001 c127087
005 20041019155239.7
041 0 |a cze 
044 |a CZ 
245 1 0 |a Plánování sociálního rozvoje pracovních kolektivů  |b SPEV IV-4/1 - SPEV IV-4/2  |c Miloš Nebeský, Oldřich Bilina a kol. 
264 1 |a Praha  |b Výzkumný ústav práce a sociálních věcí  |c 1981 
300 |a 76 s. 
490 1 |a Výzkumné práce  |v č.92 
830 0 |a Výzkumné práce  |v č.92 
100 1 |a Nebeský, Miloš 
700 1 |a Bilina, Oldřich